Кн. 2 : Мертвая зыбь; Фантаст

Bibliografiske detaljer
Parent link:Фантаст: Мнемонический роман в 2-х книгах/ А. П. Казанцев, Н. А. Казанцев. Кн. 2 : Мертвая зыбь.— , 2001-
Sprog:russisk
Udgivet: 2001
Fag:
Format: MixedMaterials Bog
KOHA link:https://koha.lib.tpu.ru/cgi-bin/koha/opac-detail.pl?biblionumber=37776

MARC

LEADER 00000nam2a2200000 4500
001 37776
005 20231101210444.0
010 |a 5270013045 
035 |a (RuTPU)RU\TPU\book\38367 
090 |a 37776 
100 |a 20020130d2001 m y0rusy50 ca 
101 0 |a rus 
102 |a RU 
105 |a y z 000ay 
200 0 |a Кн. 2 : Мертвая зыбь 
210 |d 2001 
215 |a 576 с. 
316 |5 63413507: 05-80  |a С автографом автора. На авантитуле дарственная надпись: "Научно-технической библиотеке Томского Политехнического Университета, обязательный экземпляр. А. Казанцев 16-05-2001" 
317 |5 63413507: 05-80  |a Поступил в НТБ в дар от А. П. Казанцева 
461 1 |0 (RuTPU)RU\TPU\book\38600  |t Фантаст  |o Мнемонический роман в 2-х книгах  |f А. П. Казанцев, Н. А. Казанцев  |v Кн. 2 : Мертвая зыбь  |d 2001- 
606 1 |a Русская литература современная  |2 stltpush  |3 (RuTPU)RU\TPU\subj\26373  |9 50316 
610 1 |a Коллекция А. П. Казанцева 
610 1 |a художественная литература 
610 1 |a фантастика 
610 1 |a романы 
610 1 |a выпускники ТПУ 
610 1 |a дары автора 
610 1 |a дарственные надписи 
610 1 |a дары библиотеке 
675 |a Р2  |v 3 
801 1 |a RU  |b 63413507  |c 20020130  |g PSBO 
801 2 |a RU  |b 63413507  |c 20210726  |g PSBO 
942 |c BK